D.F. a la mano : (Record no. 13481)
[ view plain ]
| 000 -CABECERA | |
|---|---|
| campo de control de longitud fija | 00814nam a2200253 4500 |
| 003 - IDENTIFICADOR DEL NÚMERO DE CONTROL | |
| campo de control | MX-MxINE |
| 005 - FECHA Y HORA DE LA ÚLTIMA TRANSACCIÓN | |
| campo de control | 20260530115314.0 |
| 008 - DATOS DE LONGITUD FIJA--INFORMACIÓN GENERAL | |
| campo de control de longitud fija | 260418b20082009spa||||| |||| 00| 0 spa d |
| 020 ## - NÚMERO INTERNACIONAL ESTÁNDAR DEL LIBRO | |
| Número Internacional Estándar del Libro | 9789709786125 |
| 040 ## - FUENTE DE LA CATALOGACIÓN | |
| Centro catalogador/agencia de origen | UNAMX |
| Lengua de catalogación | spa |
| Centro/agencia transcriptor | UNAMX |
| Normas de descripción | rda |
| 050 #4 - SIGNATURA TOPOGRÁFICA DE LA BIBLIOTECA DEL CONGRESO | |
| Número de clasificación | F1386.A4 |
| Número de documento/Ítem | D572 |
| 100 ## - ENTRADA PRINCIPAL--NOMBRE DE PERSONA | |
| Término indicativo de función/relación | autor |
| 245 ## - MENCIÓN DE TÍTULO | |
| Título | D.F. a la mano : |
| Resto del título | manual del usuario de la Ciudad de México / |
| Mención de responsabilidad, etc. | Jorge Pedro Uribe Llamas (editor) |
| 246 33 - FORMA VARIANTE DE TÍTULO | |
| Título propio/Titulo breve | Distrito Federal a la mano |
| 264 #1 - PRODUCCIÓN, PUBLICACIÓN, DISTRIBUCIÓN, FABRICACIÓN Y COPYRIGHT | |
| Producción, publicación, distribución, fabricación y copyright | México, D.F. : |
| Nombre del de productor, editor, distribuidor, fabricante | Editorial Mapas, |
| Fecha de producción, publicación, distribución, fabricación o copyright | 2008 |
| 300 ## - DESCRIPCIÓN FÍSICA | |
| Extensión | 405 páginas : |
| Otras características físicas | ilustraciones |
| 336 ## - TIPO DE CONTENIDO | |
| Fuente | rdacontent |
| Término de tipo de contenido | texto |
| 337 ## - TIPO DE MEDIO | |
| Fuente | rdamedia |
| Nombre/término del tipo de medio | sin medio |
| 338 ## - TIPO DE SOPORTE | |
| Fuente | rdacarrier |
| Nombre/término del tipo de soporte | volumen |
| 490 0# - MENCIÓN DE SERIE | |
| Mención de serie | D.F. por travesías |
| 651 #4 - PUNTO DE ACCESO ADICIONAL DE MATERIA--NOMBRE GEOGRÁFICO | |
| Nombre geográfico | Ciudad de México |
| Subdivisión de forma | Guías |
| 9 (RLIN) | 5211 |
| 700 1# - PUNTO DE ACCESO ADICIONAL--NOMBRE DE PERSONA | |
| Nombre de persona | Uribe Llamas, Jorge Pedro, |
| Término indicativo de función/relación | editor |
| 9 (RLIN) | 33222 |
| 942 ## - ELEMENTOS DE PUNTO DE ACCESO ADICIONAL (KOHA) | |
| Fuente del sistema de clasificación o colocación | Library of Congress Classification |
| Suprimir en OPAC | 0 |
| Tipo de ítem Koha | |
No items available.